Normal view
MARC view
- AL-Momaney, Ali Ameen, Wala,a Khalifah Bani- awwad
Entry Personal Name
001 - CONTROL NUMBER
- control field: 3709
003 - CONTROL NUMBER IDENTIFIER
- control field: JO-AjAnu
005 - DATE AND TIME OF LATEST TRANSACTION
- control field: 20230606070917.0
008 - FIXED-LENGTH DATA ELEMENTS
- fixed length control field: 230606|| aca||aabn | a|a d
040 ## - CATALOGING SOURCE
- Original cataloging agency: JO-AjAnu
- Transcribing agency: JO-AjAnu
100 ## - HEADING--PERSONAL NAME
- Personal name: AL-Momaney, Ali Ameen, Wala,a Khalifah Bani- awwad
670 ## - SOURCE DATA FOUND
- Source citation: Work cat.: (JO-AjAnu)1934: AL-Momaney, Ali Ameen, Wala,a Khalifah Bani- awwad, author, Attitudes and Motivation Towards Leaning English Language Among Ajloun National University Students